000 00891nam a22002057a 4500
003 OSt
005 20251006160918.0
008 240405b ||||| |||| 00| 0 eng d
040 _c0
082 _aDPer 621.381 Ie21 October 2022 v. 37 n. 10
100 _aSalomez, Florentin.
_eauthor.
_956168
245 _aModeling and minimization of the parasitic capacitances of single-layer toroidal inductors /
_cFlorentin Salomez, Arnaud Videt, and Nadir Idir.
260 _aNew York ;
_bThe Institute of Electrical and Electronics Engineers, Inc. ,
_cOctober 2022.
300 _aVolume 37, pages 12426-12436 :
_billustration ;
_c28 cm.
500 _aIEEE Transactions on Power Electronics, v. 37, n. 10, pages 12426-12436, October 2022.
700 _aSalomez, Florentin.
_eauthor.
_956168
700 _aVidet, Arnaud.
_eauthor.
_956169
700 _aIdir, Nadir.
_eauthor.
_956170
942 _2ddc
_cPER
999 _c20045
_d20045